| 000 | 00458cam a2200193ua 4500 | ||
|---|---|---|---|
| 001 | 2142 | ||
| 008 | 110811n ii |||gr||||Z||||||asm | ||
| 020 | _a81-7339-029-0 | ||
| 040 | _cMAIN | ||
| 082 | _a155.4 | ||
| 100 |
_aKonwar, Utpal, _eAuthor. |
||
| 245 | 1 |
_aSishu monobigyan _cby Utpal Konwar |
|
| 250 | _a1st. | ||
| 260 |
_aGuahati: _bbanalata,993. |
||
| 300 |
_a272p: _bill; _c23cm. |
||
| 653 | _aEducation | ||
| 653 | _aSishu monobigyan | ||
| 942 | _cBK | ||
| 999 |
_c2010 _d2010 |
||